| 000 | 00540nmm a2200169Ia 4500 | ||
|---|---|---|---|
| 008 | 251105s9999||||xx |||||||||||||||||und|| | ||
| 020 | _a9788437071367 | ||
| 041 | _aspa | ||
| 100 | _aAznar Minguet, Pilar | ||
| 245 | 0 | _aEducación, género y políticas de igualdad | |
| 264 |
_a[Madrid, España] : _bPublicaciones de la Universidad de Valencia (PUV), _c2008 |
||
| 300 | _a320 páginas | ||
| 490 | _aFora de Col·lecció | ||
| 650 | _aGender and Women Studies | ||
| 856 | _uhttps://public.digitaliapublishing.com/a/35320 | ||
| 942 | _cCF | ||
| 999 |
_c82425 _d82425 |
||